| 000 | 00461nam a22001577a 4500 | ||
|---|---|---|---|
| 999 |
_c9249 _d9249 |
||
| 008 | 210331b ||||| |||| 00| 0 eng d | ||
| 040 | _aBMS College of Architecture | ||
| 100 | _aKak, Radhika | ||
| 245 | _aBangalore cultural forum | ||
| 300 | _aNA | ||
| 500 | _a1BM01AT022 | ||
| 502 |
_8B.Arch _NBMS College of Architecture, Visvesvaraya Technological University _aProject report _d2005 |
||
| 650 | _aCultur | ||
| 700 |
_aSatish Rao _eGuide |
||
| 942 |
_2ddc _cTHE |
||